| 000 | 00560nam a2200193 a 4500 | ||
|---|---|---|---|
| 005 | 20210223121846.0 | ||
| 008 | 991125s1971 ag 000 0 spa u | ||
| 035 | _aUPN01000025013 | ||
| 049 | _aCE | ||
| 050 | 4 |
_aZ682 _bL5.3 |
|
| 100 | 1 |
_aLitton, Gaston, _d1913-1996 _928976 |
|
| 245 | 1 | 0 |
_aFormación del personal / _cGastón Litton. |
| 260 |
_aBuenos Aires : _bBowker, _c1971. |
||
| 300 | _a181 p. | ||
| 440 | 0 | _aBreviarios del bibliotecario | |
| 650 | 4 |
_aBIBLIOTECONOMIA COMO PROFESION _93931 |
|
| 650 | 4 |
_aBIBLIOTECAS - _xEMPLEADOS _92871 |
|
| 905 | _aLibro | ||
| 999 |
_c25013 _d25013 |
||